| 000 | 00407nam a2200145Ia 4500 | ||
|---|---|---|---|
| 005 | 20251222153621.0 | ||
| 008 | 251222s9999||||xx |||||||||||||| ||spa|| | ||
| 020 | _a9561703548 | ||
| 082 | _a262.909.83/S17 | ||
| 100 | _aSalinas Araneda, Carlos | ||
| 245 | 0 | _aLecciones de Derecho Eclesiástico del Estado de Chile | |
| 250 | _a1ra. ed. | ||
| 264 | _bEdiciones Universitarias de Valparaíso | ||
| 942 | _cLIB | ||
| 999 |
_c31975 _d31975 |
||